Ejercicio de los derechos y participación de las mujeres en los espacios locales: promesas y realidades de la descentralización en América Latina
Αποθηκεύτηκε σε:
| Κύριος συγγραφέας: | |
|---|---|
| Μορφή: | Βιβλίο |
| Γλώσσα: | Ισπανικά |
| Έκδοση: |
Buenos Aires
Flacso
2013
Buenos Aires Centro Internacional de Investigación 2013 |
| Έκδοση: | 1a. ed |
| Σειρά: | Area Género, Sociedad y Políticas
|
| Θέματα: | |
| Ετικέτες: |
Προσθήκη ετικέτας
Δεν υπάρχουν, Καταχωρήστε ετικέτα πρώτοι!
|
MARC
| LEADER | 00000cam a2200000 a 4500 | ||
|---|---|---|---|
| 001 | UCE4323 | ||
| 003 | CL-VaPUC | ||
| 008 | 141016e20130000ag |||||||||||||||||spa|d | ||
| 020 | |a 9789509379237 | ||
| 082 | 0 | 4 | |a 323.34 |b BON |2 21 |
| 100 | 0 | |a Bonder, Gloria |e author |9 576896 | |
| 245 | 1 | 0 | |a Ejercicio de los derechos y participación de las mujeres en los espacios locales: promesas y realidades de la descentralización en América Latina |
| 250 | |a 1a. ed | ||
| 300 | |a 507 p | ||
| 942 | |c BK | ||
| 945 | |d 20141016 12:02:00 |a arojas | ||
| 260 | |a Buenos Aires |b Flacso |c 2013 | ||
| 260 | |a Buenos Aires |b Centro Internacional de Investigación |c 2013 | ||
| 650 | 7 | |a PARTICIPACION POLITICA |2 CL-VaPUC |9 576897 | |
| 650 | 0 | |a Derechos de la mujer |9 257074 | |
| 650 | 0 | |a Derechos civiles y políticos |9 338684 | |
| 650 | 0 | |a Mujeres |9 257649 | |
| 651 | 0 | |a América Latina |9 255027 | |
| 583 | |a last modification |c 20141016 12:02:00 |k Rodrigo Vera | ||
| 490 | 0 | |a Area Género, Sociedad y Políticas | |
| 999 | |c 357326 |d 357324 | ||
| 952 | |0 0 |1 0 |3 erb |4 0 |6 323_340000000000000_BON_2013_2013 |7 0 |8 A |9 465209 |a BIBDER |b BIBDER |i 5119537 |o 323.34 BON 2013 2013 |p 5119537 |r 2023-01-25 |w 2019-11-23 |y BK |z Catalogado en:20141016 |k DER | ||